The Films of Akira Kurosawa : (Record no. 589968)

MARC details
000 -LEADER
fixed length control field 00492nam a2200193 a 4500
008 - FIXED-LENGTH DATA ELEMENTS--GENERAL INFORMATION
fixed length control field 250927s1998##################000#0#eng##
020 ## - INTERNATIONAL STANDARD BOOK NUMBER
ISBN 9780520220379
082 04 - DEWEY DECIMAL CLASSIFICATION NUMBER
Classification number 791.430233
Item number RIC
100 1# - MAIN ENTRY--AUTHOR NAME
Personal name Richie, Donald,
245 10 - TITLE STATEMENT
Title The Films of Akira Kurosawa :
260 ## - PUBLICATION, DISTRIBUTION, ETC. (IMPRINT)
Name of publisher Univ of California Press,
Year of publication 1998.
300 ## - PHYSICAL DESCRIPTION
Number of Pages 276 pages
650 #0 - SUBJECT ADDED ENTRY--TOPICAL TERM
Topical Term Performing Arts.
942 ## - ADDED ENTRY ELEMENTS (KOHA)
Koha item type English Books
Holdings
Withdrawn status Lost status Damaged status Not for loan Home library Current library Shelving location Date acquired Full call number Accession Number Price effective from Koha item type
        Anna Centenary Library Anna Centenary Library 6TH FLOOR, B WING 27.09.2025 791.430233 RIC 167383 27.09.2025 English Books

Find us on the map